NO ME HAN ADMITIDO EN PASAPALABRA - LYRICS - Estadísticas

Estadísticas generales
  • Esta prueba ha sido intentada 181 veces
  • La puntuación promedio es 64 de 152
Estadísticas de respuestas
palabras % Correcto
a
92%
me
86%
no
81%
de
75%
lo
72%
y
72%
han
69%
el
67%
o
67%
pasapalabra
67%
que
67%
eh
64%
se
61%
es
58%
por
58%
hola
56%
he
53%
todo
50%
voy
50%
porque
47%
un
47%
yo
47%
ehm
44%
todos
44%
ir
42%
una
42%
ahm
39%
al
39%
demostrar
39%
pero
39%
venir
39%
casa
36%
casting
36%
injusticia
36%
palabras
36%
sido
36%
da
33%
presentado
33%
seleccionado
33%
treinta
33%
coche
31%
cosa
31%
creo
31%
esto
31%
haya
31%
monton
31%
pierden
31%
piso
31%
podido
31%
verdadera
31%
azul
28%
eliminado
28%
ellos
28%
entrar
28%
gracias
28%
mismo
28%
rojo
28%
avion
25%
espacio
25%
miercoles
25%
muchas
25%
sabado
25%
treinta y cuatro
25%
verde
25%
ayuda
22%
bye
22%
coso
22%
cuatro
22%
favor
22%
injusto
22%
jupiter
22%
marte
22%
mundo
22%
pido
22%
portaaviones
22%
saturno
22%
verbos
22%
acera
19%
bicicleta
19%
(carraspea)
19%
cinco
19%
jueves
19%
lunes
19%
martes
19%
nubes
19%
queso
19%
tambien
19%
treinta y nueve
19%
treinta y ocho
19%
vengo
19%
boy
17%
osea
17%
parche
17%
publique
17%
aahh
14%
dieciocho
14%
mano
14%
sabe
11%
No se encontraron pruebas coincidentes
Distribución de puntuación
Porcentaje de gente con cada puntuación
Porcentaje por número respondido
Historial de tus puntuaciones
No has intentado esta prueba.